000 00520nam a2200193Ia 4500
005 20250508154046.0
008 008 250505s9999 xx 000 0 eng d
037 _aTextual
040 _aFEDL
_beng
_cFEDL
041 _aeng
_2eng
084 _a330.1, MOU
_qFEDL
100 _aMoussa Pierre
_999201
245 0 _aUnderprivileged nations
260 _aLondon, UK
_bSidgwick and Jackson
_c1962
300 _axix,198p.
650 _aEconomics
942 _cTEXL
_h330.1, MOU
999 _c1347364
_d1347364